000 00440nam a2200157Ia 4500
003 GCL
008 140319s9999 xx 000 0 ara d
040 _aGCL /
_cGCL
082 0 4 _a272.21
_bث ش
245 1 0 _aشخصيات كتابية
260 _a[S.N] :
_bدار الثقافة العربية ،
_c1986
300 _a35 ص
490 _aسلسلة الموضوعات الكتابية
_v0
650 0 4 _aالرحلات
942 _2ddc
_cBK
999 _c32993
_d32993